| 000 | 01232nam a2200301 a 4500 | ||
|---|---|---|---|
| 001 | ebr10714639 | ||
| 003 | CaPaEBR | ||
| 006 | m o u | ||
| 007 | cr cn||||||||| | ||
| 008 | 130606s2013 enka s 000 0 eng d | ||
| 020 | _z9781782168232 | ||
| 020 | _z9781782168249 (e-book) | ||
| 040 |
_aCaPaEBR _cCaPaEBR |
||
| 035 | _a(OCoLC)849917294 | ||
| 050 | 1 | 4 |
_aQA76.73.J39 _bB69 2013eb |
| 100 | 1 | _aBoyer, Jesse. | |
| 245 | 1 | 0 |
_aInstant jQuery UI starter _h[electronic resource] : _bdiscover how you can create rich end-user experiences for your web applications with jQuery UI / _cJesse Boyer. |
| 260 |
_aBirmingham : _bPackt Pub., _c2013. |
||
| 300 |
_a31 p. : _bcol. ill. |
||
| 500 | _a"Instant: short, fast, focused"--Cover. | ||
| 533 |
_aElectronic reproduction. _bPalo Alto, Calif. : _cebrary, _d2013. _nAvailable via World Wide Web. _nAccess may be limited to ebrary affiliated libraries. |
||
| 650 | 0 | _aJavaScript (Computer program language) | |
| 650 | 0 | _aWeb site development. | |
| 650 | 0 |
_aWeb sites _xDesign. |
|
| 655 | 7 |
_aElectronic books. _2local |
|
| 710 | 2 | _aebrary, Inc. | |
| 856 | 4 | 0 |
_uhttp://site.ebrary.com/lib/rucke/Doc?id=10714639 _zAn electronic book accessible through the World Wide Web; click to view |
| 999 |
_c1102 _d1102 |
||